000 003620000a22001570004500
003 MACL
005 20160316132940.0
008 160316b xxu||||| |||| 00| 0 eng d
040 _aMACL
_cMACL
041 _aHindi
082 _a920
100 _a,
_946542
245 _aमेरी कहानी
650 _aAutobiography
_946543
942 _cHIN
_k920
_2ddc
999 _c24736
_d24736